000
00304cam a22001097a 4500
008
180718b1999 xxu||||| |||| 00| 0 eng d
082
_a
T34403x54 Si64'H'
100
_a
Singh S.K.
245
_a
Upbhokta sanrakshan adhiniyam, 1986
_c
By S.K. Singh
260
_a
Allahabad
_b
Central law
_c
1999
300
_a
155p.
999
_c
503031
_d
503031